000 00631nam a2200193 i 4500
001 129393
003 ES-MaACL
005 20240603132826.0
007 t|
008 070614s1970 sp ||||1| spa d
080 _a082.2
245 0 0 _aTeoria y sociedad
_b: ensayos ofrecidos al profesor Aranguren ; compilados por Francisco Gracia, Javier Muguerza y Victor Sánchez de Zavala.
260 _aBarcelona :
_bAriel,
_c[1970]
300 _a468 p. ;
_c19 cm.
700 1 _aAranguren, José Luis L.,
_d1909-1996
_922315
700 1 _aGracia, Francisco.
_959458
852 _aES-MaACL
_jC-40019
_bR.73301
999 _c129393
_d129393